[Event "MCRE_O18"]
[Site "?"]
[Date "2004.??.??"]
[Round "?"]
[White "Valinova, Jana"]
[Black "Zednik, Martin"]
[Result "1-0"]
[WhiteElo "1800"]
[BlackElo "1861"]
[PlyCount "135"]
[EventDate "2004.??.??"]
[EventType "corr"]
[EventRounds "2"]
[SourceDate "2005.03.12"]

1. e4 e5 2. Nf3 Nc6 3. Bb5 a6 4. Ba4 Nf6 5. O-O Be7 6. Re1 b5 7. Bb3 d6 8. c3
O-O 9. h3 Na5 10. Bc2 c5 11. d4 Qc7 12. Nbd2 cxd4 13. cxd4 Nc6 14. Nb3 a5 15.
Be3 a4 16. Nbd2 Bd7 17. Rc1 Qb8 18. Qe2 Re8 19. Bd3 b4 20. Nc4 exd4 21. Nxd4
Ne5 22. Nxe5 dxe5 23. Nc6 Bxc6 24. Rxc6 Rc8 25. Rxc8+ Qxc8 26. Rc1 Qd7 27. Bb5
Qe6 28. Rc7 Qd6 29. Qc4 a3 30. bxa3 bxa3 31. Ba4 Rb8 32. Bb3 Rf8 33. Ra7 h6 34.
f3 Nh5 35. Qc7 Qxc7 36. Rxc7 Bd6 37. Rd7 Bb4 38. h4 Nf4 39. Bb6 Ne6 40. Bxe6
fxe6 41. Bc7 Bc5+ 42. Kf1 Bd4 43. h5 Ra8 44. Rd8+ Rxd8 45. Bxd8 Kf7 46. Ke2 g6
47. g4 Bb2 48. Ba5 Kg7 49. Kd3 Bd4 50. Bd2 Bb2 51. Kc4 Bd4 52. Kb4 Bb2 53. Kb3
gxh5 54. gxh5 Kf6 55. Bxh6 Kf7 56. Kc2 Bd4 57. Bc1 Bc5 58. Kb3 Kg7 59. Bxa3 Be3
60. Kc2 Kh7 61. Bc1 Bb6 62. Kd3 Bd8 63. a4 Kg7 64. Bd2 Bb6 65. a5 Bxa5 66. Bxa5
Kh6 67. Bc3 Kxh5 68. Bxe5 1-0

[Event "MCRE_O18"]
[Site "?"]
[Date "2004.??.??"]
[Round "?"]
[White "Zednik, Martin"]
[Black "Caha, Rostislav"]
[Result "1-0"]
[WhiteElo "1861"]
[BlackElo "1800"]
[PlyCount "20"]
[EventDate "2004.??.??"]
[EventType "corr"]
[EventRounds "2"]
[SourceDate "2005.03.12"]

1. e4 c5 2. f4 d5 3. exd5 Qxd5 4. Nc3 Qd8 5. Nf3 Nf6 6. Ne5 a6 7. Be2 e6 8. d3
Nbd7 9. a4 Bd6 10. Nc4 Nb6 {Caha nedohral} 1-0

[Event "MCRE_O18"]
[Site "?"]
[Date "2004.??.??"]
[Round "?"]
[White "Zednik, Martin"]
[Black "Kosar, Zdenek"]
[Result "1-0"]
[WhiteElo "1861"]
[BlackElo "1800"]
[PlyCount "57"]
[EventDate "2004.??.??"]
[EventType "corr"]
[EventRounds "2"]
[SourceDate "2005.03.12"]

1. e4 c5 2. f4 Nc6 3. Nf3 g6 4. Nc3 Bg7 5. Bc4 e6 6. f5 Nge7 7. O-O d5 8. Bb5
a6 9. Bxc6+ bxc6 10. fxe6 Bxe6 11. d3 O-O 12. Qe1 Kh8 13. Qf2 Qa5 14. Bd2 d4
15. Ne2 Qc7 16. c3 Rad8 17. Ng5 h6 18. Qh4 Kg8 19. Nxe6 fxe6 20. Bxh6 Bxh6 21.
Qxh6 Qe5 22. cxd4 cxd4 23. Rf4 Qg7 24. Rxf8+ Qxf8 25. Qh3 Qf6 26. Rf1 Qe5 27.
Nf4 Rd6 28. Qg3 c5 29. Nxg6 1-0

[Event "MCRE_O18"]
[Site "?"]
[Date "2004.??.??"]
[Round "?"]
[White "Zednik, Martin"]
[Black "Kratochvil, Jan"]
[Result "1/2-1/2"]
[WhiteElo "1861"]
[BlackElo "1800"]
[PlyCount "75"]
[EventDate "2004.??.??"]
[EventType "corr"]
[EventRounds "2"]
[SourceDate "2005.03.12"]

1. e4 e5 2. Nf3 Nc6 3. Bb5 a6 4. Ba4 Nf6 5. O-O Be7 6. Re1 b5 7. Bb3 O-O 8. c3
d6 9. d4 Bg4 10. d5 Na5 11. Bd2 Nxb3 12. axb3 Qd7 13. Qe2 c6 14. dxc6 Qxc6 15.
Bg5 Be6 16. b4 h6 17. Bxf6 Bxf6 18. Nbd2 Bd8 19. Nf1 a5 20. bxa5 Bxa5 21. N3d2
b4 22. c4 b3 23. Red1 Bb6 24. Ne3 Rxa1 25. Rxa1 Ra8 26. Rb1 Qa4 27. Nd5 Bxd5
28. exd5 Qb4 29. Qd3 Ra4 30. Rc1 Ra2 31. Rb1 Bd4 32. Nxb3 Rxb2 33. Rxb2 Bxb2
34. g3 Bc3 35. Qc2 Qxc4 36. Nd2 Qd4 37. Nb1 Bb4 38. Qc8+ 1/2-1/2

[Event "MCRE_O18"]
[Site "?"]
[Date "2004.??.??"]
[Round "?"]
[White "Zednik, Martin"]
[Black "Motejzik, Jaroslav"]
[Result "1/2-1/2"]
[WhiteElo "1861"]
[BlackElo "1800"]
[PlyCount "111"]
[EventDate "2004.??.??"]
[EventType "corr"]
[EventRounds "2"]
[SourceDate "2005.03.12"]

1. e4 e6 2. d4 d5 3. Nc3 Nf6 4. Bg5 dxe4 5. Nxe4 Be7 6. Bxf6 Bxf6 7. Nf3 O-O 8.
Qd2 Nd7 9. O-O-O Be7 10. Bd3 b6 11. h4 Bb7 12. c3 c5 13. dxc5 Qc7 14. Neg5 Nf6
15. Qe2 Bxc5 16. Kb1 h6 17. Ne4 Nxe4 18. Bxe4 Bxe4+ 19. Qxe4 Bxf2 20. g4 Rac8
21. g5 Qc4 22. Qc2 Be3 23. Rde1 Qf4 24. Rhf1 Rfd8 25. Ka1 b5 26. Qe2 b4 27. Nd4
Qxh4 28. Qxe3 bxc3 29. bxc3 Qxg5 30. Qf2 Rd7 31. Re3 Qa5 32. Rg1 Rd5 33. Qf6
Rg5 34. Rxg5 hxg5 35. Qf3 g4 36. Qg3 Qa3 37. Nb3 a5 38. Kb1 a4 39. Nc1 Qc5 40.
Kc2 Qd4 41. Re2 Qb4 42. Qe3 a3 43. Nb3 Qc4 44. Qe5 Rd8 45. Qe4 Qb5 46. c4 Qf5
47. Qxf5 exf5 48. Rd2 Rc8 49. Kd3 g5 50. Rg2 Kg7 51. Nd4 Kg6 52. Nb5 f4 53.
Rxg4 f5 54. Rg1 g4 55. Nd4 Kf6 56. Rb1 1/2-1/2

[Event "MCRE_O18"]
[Site "?"]
[Date "2004.??.??"]
[Round "?"]
[White "Zednik, Martin"]
[Black "Novak, Vaclav"]
[Result "1/2-1/2"]
[WhiteElo "1861"]
[BlackElo "1800"]
[PlyCount "68"]
[EventDate "2004.??.??"]
[EventType "corr"]
[EventRounds "2"]
[SourceDate "2005.03.12"]

1. e4 c5 2. f4 d5 3. exd5 Nf6 4. Bb5+ Bd7 5. Bxd7+ Qxd7 6. c4 e6 7. Qe2 Bd6 8.
d3 O-O 9. dxe6 fxe6 10. Nf3 Nc6 11. O-O Rae8 12. Nc3 e5 13. f5 Nd4 14. Qd1 e4
15. Nxd4 cxd4 16. Nxe4 Nxe4 17. dxe4 Rxe4 18. Qb3 Rf7 19. Qd3 Qe7 20. g3 Re1
21. Bd2 Qe2 22. Qxe2 Rxe2 23. Rad1 Rc7 24. b3 d3 25. a4 Kf7 26. Rf3 Bc5+ 27.
Kh1 Rd7 28. a5 Bf2 29. b4 h5 30. h3 b6 31. g4 bxa5 32. bxa5 hxg4 33. hxg4 Bc5
34. a6 Re4 1/2-1/2

[Event "MCRE_O18"]
[Site "?"]
[Date "2004.??.??"]
[Round "?"]
[White "Zednik, Martin"]
[Black "Valinova, Jana"]
[Result "1/2-1/2"]
[WhiteElo "1861"]
[BlackElo "1800"]
[PlyCount "95"]
[EventDate "2004.??.??"]
[EventType "corr"]
[EventRounds "2"]
[SourceDate "2005.03.12"]

1. e4 e5 2. Nf3 Nc6 3. Bb5 a6 4. Ba4 Nf6 5. O-O Be7 6. Re1 b5 7. Bb3 O-O 8. c3
d5 9. exd5 Nxd5 10. Nxe5 Nxe5 11. Rxe5 c6 12. d4 Bd6 13. Re1 Qh4 14. g3 Qh3 15.
Be3 Bg4 16. Qd3 Rae8 17. Nd2 Re6 18. a4 Qh5 19. axb5 axb5 20. Bxd5 Qxd5 21. c4
bxc4 22. Qxc4 Qh5 23. Ra6 Rfe8 24. Rxc6 Rh6 25. h4 Bd7 26. Rb6 Rhe6 27. Qe2 Qd5
28. Qf3 Qa5 29. Rb7 Rf6 30. Rxd7 Rxf3 31. Nxf3 Bf8 32. Kg2 Qb6 33. Rf1 Qxb2 34.
Bd2 Qb5 35. Ra7 h6 36. Rfa1 Bd6 37. R1a5 Qb1 38. Rd7 Bxg3 39. Kxg3 Qg6+ 40. Bg5
hxg5 41. hxg5 Re4 42. Ra8+ Kh7 43. Rdd8 Qe6 44. Ne5 Rxe5 45. dxe5 Qxe5+ 46. Kf3
Qf5+ 47. Ke2 Qxg5 48. Rd3 1/2-1/2